000 00710nam a2200217 i 4500
001 84538
003 ES-MaACL
005 20250907063051.0
007 t|
008 041123s1982 xxk ||||1| eng d
020 _a0-14-043-033-4
100 1 _aJohnson, Samuel,
_d1709-1784
_9137503
245 1 0 _aSelected writings /
_cSamuel Johnson ; edited with an introduction and notes by Patrick Cruttwell.
260 _aHarmondsworth, Middlesex :
_bPenguin Books,
_c1982.
300 _a571 p. ;
_c20 cm.
490 1 _aPenguin English Library
700 1 _aCruttwell, Patrick.
_941781
830 0 _aPenguin English Library
_9231666
852 _aES-MaACL
_jL-10879
_bR.111220
999 _c84538
_d84538